000 00299nam a2200121 a 4500
005 20140414131856.0
008 100901s19uu xx 00 eng d
050 _aFIL
_bP98 2006
100 _aBigornia, Mike
245 _aPutot.
260 _aManila, Philippines :
_bAdarna,
_c2006.
999 _c110444
_d110444